000 00429nam a22001817a 4500
003 MPLRDC
005 20220104180932.0
008 210129b ||||| |||| 00| 0 eng d
020 _a967-67-1221-3
082 _a859.6 ABA
100 _aDR. ZORAINI WATI ABAS
245 _aKAMUS KOMPUTER SAYA
_c
250 _a初版
260 _a
_bDELTA
_c1991
300 _b
650 _aSASTERA KANAK-KANAK
942 _cBK
_o859.6 ABA
999 _c61175
_d61165